Cannibal modernities (Record no. 531788)

MARC details
000 -LEADER
fixed length control field 00817nam a2200265Ia 4500
003 - CONTROL NUMBER IDENTIFIER
control field OSt
005 - DATE AND TIME OF LATEST TRANSACTION
control field 20220925195108.0
008 - FIXED-LENGTH DATA ELEMENTS--GENERAL INFORMATION
fixed length control field 220923b |||||||| |||| 00| 0 eng d
020 ## - INTERNATIONAL STANDARD BOOK NUMBER
International Standard Book Number 081392376X
037 ## - SOURCE OF ACQUISITION
Terms of availability General Book
040 ## - CATALOGING SOURCE
Original cataloging agency RTL
Transcribing agency RTL
Language of cataloging eng
041 ## - LANGUAGE CODE
Source of code eng
Language code of text/sound track or separate title eng
100 ## - MAIN ENTRY--PERSONAL NAME
Personal name Madureira Luis
9 (RLIN) 253311
245 #0 - TITLE STATEMENT
Title Cannibal modernities
Remainder of title Postcoloniality and the Avant-garde in Caribbean and Brazilian Literature
260 ## - PUBLICATION, DISTRIBUTION, ETC.
Place of publication, distribution, etc. Charlottesville
Name of publisher, distributor, etc. Univesrity of Virginia Press
Date of publication, distribution, etc. 2005
300 ## - PHYSICAL DESCRIPTION
Extent x,255p
Dimensions cm.
490 ## - SERIES STATEMENT
Series statement New World Studies
500 ## - GENERAL NOTE
General note Bibliography: p 233-47
650 ## - SUBJECT ADDED ENTRY--TOPICAL TERM
Topical term or geographic name entry element Sociology IRT Literature
9 (RLIN) 253312
942 ## - ADDED ENTRY ELEMENTS (KOHA)
Classification part Y:3(O), P5
Koha item type General Books
Source of classification or shelving scheme Colon Classification (CC)

No items available.

Copyright @ Delhi University Library System